Sports Quiz

Random Sports Quiz

Everton FC Shirt Numbers Quiz Stats

 Plays Quiz not verified by Sporcle

Score 0/37 Timer 05:00
0 Plays Today
Number Name % Correct
1Joel Robles
94.6%
3Leighton Baines
92%
2Tony Hibbert
91.1%
6Phil Jagielka
88.4%
4Darren Gibson
71.4%
11Kevin Mirallas
70.5%
7Aiden McGeady
62.5%
9Arouna Kone
62.5%
23Seamus Coleman
62.5%
8Bryan Oviedo
61.6%
16James McCarthy
58%
18Gareth Barry
58%
20Ross Barkley
58%
24Tim Howard
58%
14Steven Naismith
57.1%
15Sylvan Distin
57.1%
17Romelu Lukaku
56.3%
21Leon Osman
55.4%
22Steven Pienaar
52.7%
Number Name % Correct
10Gerard Deulofeu
50.9%
26John Stones
47.3%
19Magaye Gueye
31.3%
27Apostolos Vellios
25%
32Antolin Alcaraz
19.6%
28Lacina Traore
18.8%
29Luke Garbutt
15.2%
36Tyias Browning
8%
35Conor McAleny
7.1%
42Mason Springthorpe
7.1%
39Conor Grant
5.4%
31Matthew Kennedy
4.5%
41Chris Long
4.5%
-Jindrich Stanek
4.5%
37Hallam Hope
3.6%
33John Lundstram
3.6%
38Matthew Pennington
3.6%
40Ibou Touray
3.6%

You're not logged in!

Compare scores with friends on all Sporcle quizzes.
OR
Log In

Show Comments

Extras

Created Mar 17, 2014ReportNominate
Tags:2013, Everton, shirt

Top Quizzes Today


Score Distribution

Your Account Isn't Verified!

In order to create a playlist on Sporcle, you need to verify the email address you used during registration. Go to your Sporcle Settings to finish the process.

Report this User

Report this user for behavior that violates our Community Guidelines.

Details: